00766nam a2200217Ia 4500003000400000005001700004008004100021020001800062040000700080041000800087082001500095100003400110245008100144260004200225300001600267365001300283906008300296942001200379999001900391952013800410OSt20230607151835.0210423s2012 xx 000 0 und d a9788120324275 cAL aeng a658.3 KANH aKANDULA (Srinivas R).9121715 aHuman resource management in practice: with 300 models techniques and tools. aNew DelhibPHI Learning Pvt Ltdc2012 axii,384bPB b350cINR a300 ; Human ; management ; models ; practice: ; resource ; techniques ; tools. 2ddccBK c176245d176245 001040708MSWaSACPGbSACPGd2013-09-06eBook World Mangaloreg350.00l0o658.3 KANHpPG022949r2022-08-24 00:00:00w2021-04-26yBK